000 00626nam a2200241 a 4500
001 nice12345678
003 IN_TiNIC
005 20260116013925.0
008 050524s1997 dela grp 000 0 eng
020 _a0706995
_c125
082 0 0 _a305.40954
_bCHA
100 _aChatterji, Shoma A
245 _aIndian Women`s Search for an Identity
260 _aDelhi
_bVikas Pub House Pvt. Ltd.
_c1997
300 _a284p
500 _aincludes index and biblioraphy
505 2 _aBibliography, Index
650 _aWomen-India
700 1 _aChatterji, Shoma A
902 _bSRS
942 _cBK
999 _c13123
_d13123